Statistiques concernant Pays colonisés par la France.

Cliquez ici pour prendre le quiz!

Statistiques générales

  • Ce quiz a été pris 190 fois
    (133 depuis la dernière actualisation)
  • Le résultat moyen est 25 sur 48

Statistiques - réponses

Réponse% Correct
Algérie
97%
Maroc
93%
Tunisie
89%
Canada
87%
Mali
83%
Sénégal
80%
Cameroun
75%
Madagascar
73%
Viet nam
73%
Niger
71%
Tchad
71%
Mauritanie
70%
Guinée
69%
République du congo
69%
Côte d'Ivoire
67%
Laos
65%
Togo
65%
Cambodge
62%
Benin
61%
Comores
61%
Guyane
60%
Inde
60%
Gabon
59%
Syrie
57%
Liban
56%
République centrafricaine
54%
Burkina Faso
51%
USA
51%
Maurice
50%
Haiti
49%
Gambie
46%
Seychelles
41%
Martinique
39%
Guadeloupe
37%
La Réunion
36%
Mayotte
35%
Bresil
34%
Djibouti
34%
Nouvelle-Calédonie
32%
Saint-Pierre-et-Miquelon
26%
Vanuatu
26%
Wallis-et-Futuna
23%
Saint-Martin
21%
Polynésie française
19%
Polynésie française
19%
Saint-Barthélemy
19%
Trinité-et-Tobago
18%
Clipperton
4%

Distribution des résultats

Percentile par nombre de réponses

% des personnes avec chaque résultat

Votre développement - résultats

Vous n’avez pas pris ce quiz depuis la dernière actualisation